|
|
|
|
| LEADER |
01704nam a2200385 a 4500 |
| 001 |
14053011 |
| 008 |
100121s2004 bg a bs 000 0 eng d |
| 010 |
|
|
|a \\2005310886
|
| 020 |
|
|
|a 9843208668
|
| 040 |
|
|
|a DLC
|c DLC
|d BD-DhAAL
|
| 082 |
0 |
0 |
|a 363.7/0095492
|2 22
|
| 245 |
0 |
0 |
|a People's report, 2002-2003, Bangladesh environment /
|c editors, Atiur Rahman ... [et al.].
|
| 246 |
3 |
0 |
|a Bangladesh environment
|
| 260 |
|
|
|a Dhaka :
|b Unnayan Shamannay,
|c 2004.
|
| 300 |
|
|
|a xviii, 189 p. :
|b ill. ;
|c 28 cm.
|
| 362 |
0 |
|
|a Vol. 2
|
| 500 |
|
|
|a "Ministry of Environment and Forest; Unnayan Shamannay; United Nations Development Programme."
|
| 500 |
|
|
|a Includes statistical tables.
|
| 504 |
|
|
|a Includes bibliographical references (v. 2, p. [183]-189).
|
| 505 |
0 |
|
|a v. 1. Main report -- v. 2. Database.
|
| 541 |
1 |
|
|e 00013219
|
| 650 |
|
0 |
|a Urban ecology (Sociology)
|z Bangladesh.
|
| 650 |
|
0 |
|a Pollution
|x Environmental aspects
|z Bangladesh.
|
| 651 |
|
0 |
|a Bangladesh
|x Environmental policy.
|
| 700 |
1 |
|
|a Rahman, Atiur,
|d 1951-
|
| 700 |
1 |
|
|a Ali, M. Ashraf.
|
| 700 |
1 |
|
|a Chowdhury, Farooque.
|
| 700 |
1 |
|
|a Hassan, Mahboob.
|
| 710 |
2 |
|
|a Unnayan Shamannay (Organization : Bangladesh)
|
| 710 |
1 |
|
|a Bangladesh.
|b Paribeśa o Bana Mantraṇālaẏa.
|
| 710 |
2 |
|
|a United Nations Development Programme.
|
| 852 |
4 |
|
|a Ayesha Abed Library
|j General shelf
|
| 999 |
|
|
|c 7116
|d 7116
|
| 952 |
|
|
|0 0
|1 0
|2 ddc
|4 0
|6 363_700954920000000_PEO
|7 0
|9 7390
|a BRACUL
|b BRACUL
|c GEN
|d 2010-01-24
|g 350.00
|l 0
|o 363.70095492 PEO
|p 3010013219
|r 2014-02-13
|t 1
|w 2010-01-24
|y BK
|
| 952 |
|
|
|0 0
|1 0
|2 ddc
|4 0
|6 363_700954920000000_PEO
|7 0
|9 7411
|a BRACUL
|b BRACUL
|c GEN
|d 2010-01-24
|g 350.00
|l 0
|o 363.70095492 PEO
|p 3010013690
|r 2010-01-24
|t 2
|w 2010-01-24
|y BK
|